| 000 | 00000nam##2200000za#4500 |
| 001 | 9.682010 |
| 003 | CaOODSP |
| 005 | 20210615132644 |
| 007 | ta |
| 008 | 150407|2003||||xxc||||| f|0| 0 fre|d |
| 020 | |a0-662-88284-9 |
| 040 | |aCaOODSP|bfre |
| 043 | |an-cn--- |
| 086 | 1 |aH46-2/03-292F |
| 110 | 1 |aCanada. |bSanté Canada.|bDirection générale de la santé environnementale et de la sécurité des consommateurs. |
| 245 | 10|aQualité de l'air intérieur : |boutils de la trousse d'action pour les écoles canadiennes |
| 260 | |aOttawa - Ontario : |bSanté Canada. |c2003. |
| 300 | |aEn pagination multiple. : |btableaux ; |c30 cm. |
| 500 | |a«La Trousse d'action - QAI est un outil pratique visant à aider les commissions scolaires, les directeurs et leurs équipes d'administration, et les employés de l'école à comprendre et à s'occuper des problèmes de qualité de l'air intérieur (QAI).»--Introduction. |
| 520 | 3 |aLa Trousse d'action - QAI est un outil pratique visant à aider les commissions scolaires, les directeurs et leurs équipes d'administration, et les employés de l'école à comprendre et à s'occuper des problèmes de qualité de l'air intérieur (QAI). |
| 563 | |aTrousse |
| 590 | |a03-51|b2003-12-24 |
| 691 | 07|aÉdifice public|2gcpds |
| 691 | 07|aQualité de l'air|2gcpds |
| 775 | 08|tIndoor air quality : |w(CaOODSP)9.648748 |
| 776 | 0#|tQualité de l'air intérieur : |w(CaOODSP)9.631260 |